000 00551nam a2200169Ia 4500
008 090711s9999 xx 000 0 und d
082 _b33851
100 _aडांगे अनिल
245 _aएरिअल आणि पोरकं पाखरु
260 _c1976
300 _a160
600 _aडांगे अनिल
630 _aएरिअल आणि पोरकं पाखरु
700 _aडांगे अनिल
730 _aएरिअल आणि पोरकं पाखरु
942 _cBOOK
999 _c309061
_d309061